| 000 | 01302cam a22003497a 4500 | ||
|---|---|---|---|
| 003 | CHAP | ||
| 005 | 20220817043755.0 | ||
| 008 | 010529d2000 mx a r 00110 spa | ||
| 010 | _a83983 | ||
| 011 | _a84955 | ||
| 035 | _a95481 | ||
| 040 | _cCHAP | ||
| 090 | _aTesis | ||
| 100 | 0 | 0 |
_aZanabria Quintana, José Angel. _9123575 |
| 245 | 1 | 0 |
_aDosis óptima de flumetrina para el control de la varroa (Varroa jacobsoni, Oudemans) en abejas (Apis mellifera) en el municipio de Huhuetán, Chiapas _c/por José Angel Zanabria Quintana |
| 260 |
_aHuehuetán, Chis. : _bEl autor, _c2000. |
||
| 300 |
_a55 h. : _bilus. ; gráfs. |
||
| 502 | _aTesis (Ing. Agr. Tropical) -- Universidad Autónoma de Chiapas. Facultad de Ciencias Agrícolas Campus IV | ||
| 590 |
_aALEPH _b10 _c20130110 _lUCH01 _h1442 |
||
| 590 |
_aBATCH-UPD _b10 _c20130110 _lUCH01 _h0247 |
||
| 590 |
_aBATCH-UPD _b10 _c20130110 _lUCH01 _h1522 |
||
| 590 |
_aBATCH-UPD _b10 _c20130410 _lUCH01 _h1326 |
||
| 590 |
_aBATCH-UPD _b10 _c20130913 _lUCH01 _h1848 |
||
| 590 |
_aCONVERSION _b10 _c20130109 _lUCH01 _h1347 |
||
| 650 | 1 | 4 |
_aAbejas _xEnfermedades. _9186 |
| 650 | 1 | 4 |
_aAcaricidas. _9404 |
| 650 | 1 | 4 | _aVarroa jacobsoni. |
| 901 | _aBK | ||
| 905 | _aMayto Villalobos S. | ||
| 942 | _cTESIS | ||
| 949 |
_aTesis _bBC _cTES _d954811 _eTS1 _h38049 _i95481 _sb |
||
| 999 |
_c83983 _d83983 |
||